000 00642nam a2200157 4500
001 136159
003 ES-MaACL
005 20230906195041.0
007 t|
008 070214s1911 ag r ||||1| spa d
100 1 _aSaavedra Lamas, Carlos.
_9101144
245 1 0 _aPor las provincias del norte
_b: estudio sobre el régimen de la Industria Azucarera [en la Argentina] /
_cdiscurso pronunciado en la Cámara de Diputación de la Nación por el Doctor Carlos Saavedra Lamas el 22 de Septiembre de 1911.
260 _aBuenos Aires :
_b[s.n.],
_c1911 (
_fTall. de J. Rosso y Cia.)
300 _a127 p. ;
_c20 cm.
852 _aES-MaACL
_jT-1319-F-1
999 _c136159
_d136159